Normal view
MARC view
- Ben G. Streetman, Sanjay, Banerjee
Entry Personal Name
001 - CONTROL NUMBER
- control field: 24016
003 - CONTROL NUMBER IDENTIFIER
- control field: NUST
005 - DATE AND TIME OF LATEST TRANSACTION
- control field: 20191015125917.0
008 - FIXED-LENGTH DATA ELEMENTS
- fixed length control field: 191015|| aca||aabn | a|a d
040 ## - CATALOGING SOURCE
- Original cataloging agency: NUST
- Transcribing agency: NUST
100 ## - HEADING--PERSONAL NAME
- Personal name: Ben G. Streetman, Sanjay, Banerjee
670 ## - SOURCE DATA FOUND
- Source citation: Work cat.: (NUST): Ben G. Streetman, Sanjay, Banerjee, Soild State Electronic Devices (Fifth Edition)
